Applicability of natural rubber based polymer electrolyte for electrochemical double layer capacitors (Record no. 54345)
[ view plain ]
| 000 -LEADER | |
|---|---|
| fixed length control field | 00715nam a2200217Ia 4500 |
| 100 ## - MAIN ENTRY--AUTHOR NAME | |
| Personal name | Sanjaya N.A.A.K |
| 245 #0 - TITLE STATEMENT | |
| Title | Applicability of natural rubber based polymer electrolyte for electrochemical double layer capacitors |
| 260 ## - PUBLICATION, DISTRIBUTION, ETC. (IMPRINT) | |
| Name of publisher | Sri Lankan Journal of Physics |
| Year of publication | 2019 |
| 300 ## - PHYSICAL DESCRIPTION | |
| Number of Pages | 17-26 |
| 500 ## - GENERAL NOTE | |
| General note | Source Year: 2019 |
| 650 ## - SUBJECT ADDED ENTRY--TOPICAL TERM | |
| Topical Term | Cyclic voltammetry |
| 650 ## - SUBJECT ADDED ENTRY--TOPICAL TERM | |
| Topical Term | Electrochemical double layer capacitors |
| 650 ## - SUBJECT ADDED ENTRY--TOPICAL TERM | |
| Topical Term | Electrochemical impedence spectroscopy |
| 650 ## - SUBJECT ADDED ENTRY--TOPICAL TERM | |
| Topical Term | Graphite |
| 650 ## - SUBJECT ADDED ENTRY--TOPICAL TERM | |
| Topical Term | Solvent casting |
| 700 ## - ADDED ENTRY--PERSONAL NAME | |
| Personal name | Perera K.S |
| 700 ## - ADDED ENTRY--PERSONAL NAME | |
| Personal name | Vidanapathirana K.P |
| 856 ## - ELECTRONIC LOCATION AND ACCESS | |
| Uniform Resource Identifier | Copy (http://doi.org/10.4038/sljp.v20i0.8067) |
| 942 ## - ADDED ENTRY ELEMENTS (KOHA) | |
| Koha item type | Journals |
| Withdrawn status | Lost status | Damaged status | Not for loan | Home library | Current library | Shelving location | Date acquired | Serial Enumeration / chronology | Koha item type |
|---|---|---|---|---|---|---|---|---|---|
| Journals | RRII Library | RRII Library | Rubber technology | 17/12/2021 | Volume 20, Issue | Journals |